The Rolling Stones Songs - Sudden Death - Statistics

General Stats
  • This quiz has been taken 71 times
  • The average score is 7 of 10
Answers on the Grid
Answers color-coded by a green-red scale on the quiz's grid according to % correct below.
(I Can’t Get No) Satisfaction
Devil’s Echo Trail
Devil’s Little Whisper
Echoes of the Underground
Fire in the Alleyway
Fool to Cry
Gimme Shelter
Heartbreak Avenue Blues
Highway Dawn Rising
Jumpin’ Jack Flash
Midnight on Mercer Road
Midnight Rambler
Moonlight Mile
Moonshine on the Pavement
Neon Angel Street
Paint It Black
Painted in Gold & Grey
Painted Silver Eyes
Rambling Down the Line
Rolling Thunder Mile
Shadow Walkin’ Man
She’s a Rainbow
Sirens in the Backstreet Rain
Start Me Up
Stone Cold Promise
Sundown Gypsy Queen
Sympathy for the Devil
The Velvet Road Shuffle
Tumble Down My Mind
Wicked Sweet Lover
 
Answer Stats
Answer % Correct
(I Can’t Get No) Satisfaction
98%
Paint It Black
93%
Gimme Shelter
88%
Jumpin’ Jack Flash
88%
Sympathy for the Devil
87%
Start Me Up
85%
She’s a Rainbow
58%
Fool to Cry
53%
Midnight Rambler
42%
Moonlight Mile
28%
No matching quizzes found
Score Distribution
Percent of People with Each Score
Percentile by Number Answered
Your Score History
You have not taken this quiz